000 00523nam a2200217Ia 4500
003 OSt
005 20230427111029.0
008 210423s1992 xx 000 0 und d
020 _a863188338
040 _cAL
041 _aeng
082 _a581.03 LINM
100 _aLINDSAY (Mary).
_993834
245 _aVisual dictionary of plants.
260 _aLondon
_bDorling Kindersley
_c1992
300 _a64
_bPB
365 _cINR
650 _aBotany
_993835
906 _adictionary ; plants ; Visual
942 _2ddc
_cBK
999 _c162744
_d162744